<?xml version="1.0" encoding="UTF-8"?>
<record
    xmlns:xsi="http://www.w3.org/2001/XMLSchema-instance"
    xsi:schemaLocation="http://www.loc.gov/MARC21/slim http://www.loc.gov/standards/marcxml/schema/MARC21slim.xsd"
    xmlns="http://www.loc.gov/MARC21/slim">

  <leader>02611cam a2200217   4500</leader>
  <controlfield tag="001">2404</controlfield>
  <controlfield tag="005">20181127165101.0</controlfield>
  <controlfield tag="008">000613s1999    mau           000 1 eng d</controlfield>
  <datafield tag="010" ind1=" " ind2=" ">
    <subfield code="a">   00268458</subfield>
  </datafield>
  <datafield tag="020" ind1=" " ind2=" ">
    <subfield code="a">0395843685</subfield>
  </datafield>
  <datafield tag="245" ind1="0" ind2="4">
    <subfield code="a">The best American short stories of the century /</subfield>
    <subfield code="c">John Updike, editor ; Katrina Kenison, coeditor ; with an introduction by John Updike.</subfield>
  </datafield>
  <datafield tag="260" ind1=" " ind2=" ">
    <subfield code="a">Boston :</subfield>
    <subfield code="b">Houghton Mifflin,</subfield>
    <subfield code="c">c1999.</subfield>
  </datafield>
  <datafield tag="300" ind1=" " ind2=" ">
    <subfield code="a">xxiv, 775 p. ;</subfield>
    <subfield code="c">24 cm.</subfield>
  </datafield>
  <datafield tag="500" ind1=" " ind2=" ">
    <subfield code="a">Titles selected by John Updike from the 1915 through 1998 editions of The best American short stories series.</subfield>
  </datafield>
  <datafield tag="505" ind1="0" ind2="0">
    <subfield code="t">Zelig /</subfield>
    <subfield code="r">Benjamin Rosenblatt --</subfield>
    <subfield code="t">Little selves /</subfield>
    <subfield code="r">Mary Lerner --</subfield>
    <subfield code="t">Jury of her peers /</subfield>
    <subfield code="r">Susan Glaspell --</subfield>
    <subfield code="t">Other woman /</subfield>
    <subfield code="r">Sherwood Anderson --</subfield>
    <subfield code="t">Golden honeymoon /</subfield>
    <subfield code="r">Ring Lardner --</subfield>
    <subfield code="t">Blood-burning moon /</subfield>
    <subfield code="r">Jean Toomer --</subfield>
    <subfield code="t">Killers /</subfield>
    <subfield code="r">Ernest Hemingway --</subfield>
    <subfield code="t">Resurrection of a life /</subfield>
    <subfield code="r">William Saroyan --</subfield>
    <subfield code="t">Christmas gift /</subfield>
    <subfield code="r">Robert Penn Warren --</subfield>
    <subfield code="t">Bright and morning star /</subfield>
    <subfield code="r">Richard Wright --</subfield>
    <subfield code="t">Hitch-hikers /</subfield>
    <subfield code="r">Eudora Welty --</subfield>
    <subfield code="t">Peach stone /</subfield>
    <subfield code="r">Paul Horgan --</subfield>
    <subfield code="t">""That in Aleppo once..."" /</subfield>
    <subfield code="r">Vladimir Nabokov --</subfield>
    <subfield code="t">Interior castle /</subfield>
    <subfield code="r">Jean Stafford --</subfield>
    <subfield code="t">Miami-New York /</subfield>
    <subfield code="r">Martha Gellhorn --</subfield>
    <subfield code="t">Second tree from the corner /</subfield>
    <subfield code="r">E.B. White --</subfield>
    <subfield code="t">Farmer's children /</subfield>
    <subfield code="r">Elizabeth Bishop --</subfield>
    <subfield code="t">Death of a favorite /</subfield>
    <subfield code="r">J.F. Powers --</subfield>
    <subfield code="t">Resemblance between a violin case and a coffin /</subfield>
    <subfield code="r">Tennessee Williams --</subfield>
    <subfield code="t">Country husband /</subfield>
    <subfield code="r">John Cheever --</subfield>
    <subfield code="t">Greenleaf /</subfield>
    <subfield code="r">Flannery O'Connor --</subfield>
    <subfield code="t">Ledge /</subfield>
    <subfield code="r">Lawrence Sargent Hall --</subfield>
    <subfield code="t">Defender of the faith /</subfield>
    <subfield code="r">Philip Roth --</subfield>
    <subfield code="t">Criers and kibitzers, kibitzers and criers /</subfield>
    <subfield code="r">Stanley Elkin --</subfield>
    <subfield code="t">German refugee /</subfield>
    <subfield code="r">Bernard Malamud --</subfield>
    <subfield code="t">Where are you going, where have you been? /</subfield>
    <subfield code="r">Joyce Carol Oates --</subfield>
    <subfield code="t">Rotifer /</subfield>
    <subfield code="r">Mary Ladd Gavell --</subfield>
    <subfield code="t">Gold Coast /</subfield>
    <subfield code="r">James Alan McPherson --</subfield>
    <subfield code="t">Key /</subfield>
    <subfield code="r">Isaac Bashevis Singer --</subfield>
    <subfield code="t">Cty of churches /</subfield>
    <subfield code="r">Donald Barthelme --</subfield>
    <subfield code="t">How to win /</subfield>
    <subfield code="r">Rosellen speaks /</subfield>
    <subfield code="r">Harold Brodkey --</subfield>
    <subfield code="t">Silver dish /</subfield>
    <subfield code="r">Saul Bellow --</subfield>
    <subfield code="t">Gesturing /</subfield>
    <subfield code="r">John Updike --</subfield>
    <subfield code="t">Shawl /</subfield>
    <subfield code="r">Cynthia Ozick --</subfield>
    <subfield code="t">Where I'm calling from /</subfield>
    <subfield code="r">Raymond Carver --</subfield>
    <subfield code="t">Janus /</subfield>
    <subfield code="r">Ann Beattie --</subfield>
    <subfield code="t">Way we live now /</subfield>
    <subfield code="r">Susan Sontag --</subfield>
    <subfield code="t">Things they carried /</subfield>
    <subfield code="r">Tim O'Brien --</subfield>
    <subfield code="t">Meneseteung /</subfield>
    <subfield code="r">Alice Munro --</subfield>
    <subfield code="t">You're ugly, too /</subfield>
    <subfield code="r">Lorrie Moore --</subfield>
    <subfield code="t">I want to live ! /</subfield>
    <subfield code="r">Thom Jones --</subfield>
    <subfield code="t">In the gloaming /</subfield>
    <subfield code="r">Alice Elliott Dark --</subfield>
    <subfield code="t">Proper library /</subfield>
    <subfield code="r">Carolyn Ferrell --</subfield>
    <subfield code="t">Birthmates /</subfield>
    <subfield code="r">Gish Jen --</subfield>
    <subfield code="t">Soon /</subfield>
    <subfield code="r">Pam Durban --</subfield>
    <subfield code="t">Half-skinned steer /</subfield>
    <subfield code="r">Annie Proulx.</subfield>
  </datafield>
  <datafield tag="650" ind1=" " ind2="0">
    <subfield code="a">American fiction</subfield>
    <subfield code="y">20th century.</subfield>
  </datafield>
  <datafield tag="650" ind1=" " ind2="0">
    <subfield code="a">Short stories, American.</subfield>
  </datafield>
  <datafield tag="651" ind1=" " ind2="0">
    <subfield code="a">United States</subfield>
    <subfield code="x">Social life and customs</subfield>
    <subfield code="y">20th century</subfield>
    <subfield code="v">Fiction.</subfield>
  </datafield>
  <datafield tag="700" ind1="1" ind2=" ">
    <subfield code="a">Kenison, Katrina.</subfield>
  </datafield>
  <datafield tag="700" ind1="1" ind2=" ">
    <subfield code="a">Updike, John.</subfield>
  </datafield>
  <datafield tag="999" ind1=" " ind2=" ">
    <subfield code="c">1927</subfield>
    <subfield code="d">1927</subfield>
  </datafield>
  <datafield tag="952" ind1=" " ind2=" ">
    <subfield code="0">0</subfield>
    <subfield code="1">0</subfield>
    <subfield code="2">ddc</subfield>
    <subfield code="4">0</subfield>
    <subfield code="7">0</subfield>
    <subfield code="8">MAIN</subfield>
    <subfield code="a">RTCLIB</subfield>
    <subfield code="b">RTCLIB</subfield>
    <subfield code="c">MAIN</subfield>
    <subfield code="d">2021-08-09</subfield>
    <subfield code="h"> </subfield>
    <subfield code="i">532</subfield>
    <subfield code="l">1</subfield>
    <subfield code="o">813 UPD</subfield>
    <subfield code="p">30001568</subfield>
    <subfield code="r">2021-08-23 00:00:00</subfield>
    <subfield code="s">2021-08-09</subfield>
    <subfield code="t">1</subfield>
    <subfield code="w">2018-11-27</subfield>
    <subfield code="y">MAIN</subfield>
  </datafield>
</record>
